| 000 | 00744nam a2200229Ia 4500 | ||
|---|---|---|---|
| 005 | 20250507130318.0 | ||
| 008 | 008 250505s9999 xx 000 0 eng d | ||
| 020 | _a9780415131919 | ||
| 037 | _aAnnuals, Advances | ||
| 040 |
_aEASL _beng _cEASL |
||
| 041 |
_aeng _2eng |
||
| 084 |
_aX8(A):8.42, N61; _qEASL |
||
| 100 | _aRichter Frank Jurgan Ed. | ||
| 245 | 0 | _aDynamics of Japanese Organizations | |
| 260 |
_aUK _bLondon Routledge _c1996 |
||
| 300 | _a222p. | ||
| 365 |
_a£ _b45.00 (each) |
||
| 490 | _aRoutledge Advances in Asia-Pacific Business | ||
| 650 |
_aIndustrial management - Japan; Organizational behavior - Japan; JEL _9755154 |
||
| 942 |
_cTEXL _hX8(A):8.42, N61; |
||
| 999 |
_c1318923 _d1318923 |
||